| 000 | 01155nam a22003497a 4500 | ||
|---|---|---|---|
| 003 | CHAP | ||
| 005 | 20220817044212.0 | ||
| 008 | 080229d2003 es r 00110 spa d | ||
| 010 | _a94530 | ||
| 011 | _a95502 | ||
| 020 | _a8484761002 | ||
| 035 | _a106128 | ||
| 040 | _cCHAP | ||
| 082 | 0 | 4 |
_a333.7 _bP47 |
| 100 | 1 |
_aPérez de las Heras, Mónica. _989607 |
|
| 245 | 1 | 3 |
_aLa cumbre de Johanesburgo : _bantes, durante y después de la cumbre mundial sobre el desarrollo sostenible _c/por Mónica Pérez de las Heras |
| 260 |
_aMadrid : _bMundi-Prensa, _c2003 |
||
| 300 | _a275 p. : | ||
| 590 |
_aBATCH-UPD _b10 _c20130110 _lUCH01 _h1028 |
||
| 590 |
_aBATCH-UPD _b10 _c20130410 _lUCH01 _h0632 |
||
| 590 |
_aBATCH-UPD _b10 _c20130914 _lUCH01 _h1152 |
||
| 590 |
_aCONVERSION _b10 _c20130109 _lUCH01 _h1352 |
||
| 650 | 1 | 4 | _aDesarrollo económico. |
| 650 | 1 | 4 | _aDesarrollo sustentable. |
| 650 | 1 | 4 |
_aEconomía ecológica. _935272 |
| 650 | 1 | 4 |
_aGlobalización. _948300 |
| 650 | 1 | 4 |
_aMedio ambiente. _974065 |
| 901 | _aBK | ||
| 911 | _aen proceso | ||
| 942 | _cLIBRO | ||
| 949 |
_a333.7 P47 _bBC _cLIBRO _d33724002052801 _eLIBRO _gI.c/e _h109225 _i106128 _sb _t$461.00 |
||
| 999 |
_c94530 _d94530 |
||